<?xml version="1.0" encoding="UTF-8"?>
<record
    xmlns:xsi="http://www.w3.org/2001/XMLSchema-instance"
    xsi:schemaLocation="http://www.loc.gov/MARC21/slim http://www.loc.gov/standards/marcxml/schema/MARC21slim.xsd"
    xmlns="http://www.loc.gov/MARC21/slim">

  <leader>01460nam2a22002771  4500</leader>
  <controlfield tag="001">rc\4019776</controlfield>
  <controlfield tag="005">20250611060820.0</controlfield>
  <datafield tag="021" ind1=" " ind2=" ">
    <subfield code="a">RU</subfield>
    <subfield code="b">[49-31908]</subfield>
  </datafield>
  <datafield tag="035" ind1=" " ind2=" ">
    <subfield code="a">(NLR Aleph) 008085690</subfield>
  </datafield>
  <datafield tag="090" ind1=" " ind2=" ">
    <subfield code="a">9152086</subfield>
    <subfield code="c">9152086</subfield>
  </datafield>
  <datafield tag="100" ind1=" " ind2=" ">
    <subfield code="a">20130415d1949    |||y0rusy50      ca</subfield>
  </datafield>
  <datafield tag="101" ind1="0" ind2=" ">
    <subfield code="a">rus</subfield>
  </datafield>
  <datafield tag="102" ind1=" " ind2=" ">
    <subfield code="a">RU</subfield>
  </datafield>
  <datafield tag="105" ind1=" " ind2=" ">
    <subfield code="a">a   z   |||||</subfield>
  </datafield>
  <datafield tag="200" ind1="1" ind2=" ">
    <subfield code="a">&#x413;&#x438;&#x434;&#x440;&#x430;&#x432;&#x43B;&#x438;&#x43A;&#x430;</subfield>
    <subfield code="a">&#x41F;&#x440;&#x438;&#x43A;&#x43B;&#x430;&#x434;&#x43D;&#x430;&#x44F; &#x43C;&#x435;&#x445;&#x430;&#x43D;&#x438;&#x43A;&#x430;</subfield>
    <subfield code="f">[&#x41E;&#x442;&#x432;. &#x440;&#x435;&#x434;. &#x413;.&#x41D;. &#x410;&#x431;&#x440;&#x430;&#x43C;&#x43E;&#x432;&#x438;&#x447; &#x438; &#x41B;.&#x421;. &#x41B;&#x435;&#x439;&#x431;&#x435;&#x43D;&#x437;&#x43E;&#x43D;]</subfield>
  </datafield>
  <datafield tag="210" ind1=" " ind2=" ">
    <subfield code="c">&#x413;&#x43E;&#x441;. &#x438;&#x437;&#x434;-&#x432;&#x43E; &#x442;&#x435;&#x445;&#x43D;.-&#x442;&#x435;&#x43E;&#x440;&#x435;&#x442;. &#x43B;&#x438;&#x442;.</subfield>
    <subfield code="d">1949</subfield>
    <subfield code="a">&#x411;. &#x43C;.</subfield>
  </datafield>
  <datafield tag="215" ind1=" " ind2=" ">
    <subfield code="a">700 &#x441;., 2 &#x43B;. &#x438;&#x43B;.</subfield>
    <subfield code="c">&#x438;&#x43B;.</subfield>
  </datafield>
  <datafield tag="461" ind1=" " ind2="0">
    <subfield code="1">001rc\4019773</subfield>
    <subfield code="1">2001#$a&#x421;&#x43E;&#x431;&#x440;&#x430;&#x43D;&#x438;&#x435; &#x441;&#x43E;&#x447;&#x438;&#x43D;&#x435;&#x43D;&#x438;&#x439;$f[&#x413;&#x43B;. &#x440;&#x435;&#x434;. &#x41B;&#x435;&#x439;&#x431;&#x435;&#x43D;&#x437;&#x43E;&#x43D; &#x41B;.&#x421;.$g&#x412;&#x441;&#x442;&#x443;&#x43F;. &#x441;&#x442;&#x430;&#x442;&#x44C;&#x44F;: &#x412;.&#x412;. &#x413;&#x43E;&#x43B;&#x443;&#x431;&#x435;&#x432;. "&#x411;&#x438;&#x43E;&#x433;&#x440;&#x430;&#x444;&#x438;&#x44F; &#x41D;.&#x415;. &#x416;&#x443;&#x43A;&#x43E;&#x432;&#x441;&#x43A;&#x43E;&#x433;&#x43E;", &#x441;. 5-26]. &#x422;. 1-$v&#x422;. 3</subfield>
    <subfield code="1">700#1$a&#x416;&#x443;&#x43A;&#x43E;&#x432;&#x441;&#x43A;&#x438;&#x439;$b&#x41D;.&#x415;.$f1847-1921$g&#x41D;&#x438;&#x43A;&#x43E;&#x43B;&#x430;&#x439; &#x415;&#x433;&#x43E;&#x440;&#x43E;&#x432;&#x438;&#x447;</subfield>
    <subfield code="9">9152069</subfield>
    <subfield code="a">&#x416;&#x443;&#x43A;&#x43E;&#x432;&#x441;&#x43A;&#x438;&#x439;, &#x41D;.&#x415;. (1847-1921)</subfield>
    <subfield code="c">&#x41C;&#x43E;&#x441;&#x43A;&#x432;&#x430;</subfield>
    <subfield code="d">1948-</subfield>
    <subfield code="f">[&#x413;&#x43B;. &#x440;&#x435;&#x434;. &#x41B;&#x435;&#x439;&#x431;&#x435;&#x43D;&#x437;&#x43E;&#x43D; &#x41B;.&#x421;.</subfield>
    <subfield code="n">&#x413;&#x43E;&#x441;&#x442;&#x435;&#x445;&#x438;&#x437;&#x434;&#x430;&#x442;</subfield>
    <subfield code="t">&#x421;&#x43E;&#x431;&#x440;&#x430;&#x43D;&#x438;&#x435; &#x441;&#x43E;&#x447;&#x438;&#x43D;&#x435;&#x43D;&#x438;&#x439;</subfield>
    <subfield code="v">&#x422;. 3</subfield>
  </datafield>
  <datafield tag="702" ind1=" " ind2="1">
    <subfield code="4">340</subfield>
    <subfield code="7">ca</subfield>
    <subfield code="8">rus</subfield>
    <subfield code="a">&#x41B;&#x435;&#x439;&#x431;&#x435;&#x43D;&#x437;&#x43E;&#x43D;</subfield>
    <subfield code="b">&#x41B;. &#x421;.</subfield>
    <subfield code="f">1879-1951</subfield>
    <subfield code="g">&#x41B;&#x435;&#x43E;&#x43D;&#x438;&#x434; &#x421;&#x430;&#x43C;&#x443;&#x438;&#x43B;&#x43E;&#x432;&#x438;&#x447;</subfield>
    <subfield code="9">2641153</subfield>
    <subfield code="3">RU\NLR\AUTH\770271969</subfield>
  </datafield>
  <datafield tag="702" ind1=" " ind2="1">
    <subfield code="a">&#x410;&#x431;&#x440;&#x430;&#x43C;&#x43E;&#x432;&#x438;&#x447;</subfield>
    <subfield code="b">&#x413;.&#x41D;.</subfield>
    <subfield code="g">&#x413;&#x435;&#x43D;&#x440;&#x438;&#x445; &#x41D;&#x430;&#x443;&#x43C;&#x43E;&#x432;&#x438;&#x447;</subfield>
    <subfield code="4">340</subfield>
  </datafield>
  <datafield tag="801" ind1=" " ind2="0">
    <subfield code="a">RU</subfield>
    <subfield code="b">NLR</subfield>
    <subfield code="g">psbo</subfield>
  </datafield>
  <datafield tag="801" ind1=" " ind2="1">
    <subfield code="a">RU</subfield>
    <subfield code="b">ELAR</subfield>
    <subfield code="2">rusmarc</subfield>
  </datafield>
  <datafield tag="852" ind1=" " ind2=" ">
    <subfield code="a">NLR</subfield>
    <subfield code="j">&#x41C;&#x445;02 &#x413;-5/82</subfield>
  </datafield>
  <datafield tag="942" ind1=" " ind2=" ">
    <subfield code="c">BOOK</subfield>
  </datafield>
  <datafield tag="980" ind1=" " ind2=" ">
    <subfield code="a">NB</subfield>
  </datafield>
  <datafield tag="995" ind1=" " ind2=" ">
    <subfield code="5">2013-10-26</subfield>
    <subfield code="b">NLR02</subfield>
    <subfield code="c">NLR02</subfield>
    <subfield code="e">RFS</subfield>
    <subfield code="f">8085690-10</subfield>
    <subfield code="k">&#x41C;&#x445;02 &#x413;-5/82</subfield>
    <subfield code="o">0</subfield>
    <subfield code="r">BOOK</subfield>
    <subfield code="s">02_582</subfield>
  </datafield>
</record>
